La revolución de los Dealba (Registro nro. 3345)

Detalles MARC
000 -LEADER
campo de control de longitud fija 00593nam a22001697a 4500
001 - NÚMERO DE CONTROL
campo de control 13767
005 - FECHA Y HORA DE LA ÚLTIMA TRANSACCIÓN
campo de control 20250522045640.0
008 - DATOS DE LONGITUD FIJA--INFORMACIÓN GENERAL
campo de control de longitud fija 5230201983 dr
082 ## - NÚMERO DE LA CLASIFICACIÓN DECIMAL DEWEY
Número de clasificación RD 863.44
Número de ítem M3669r
100 ## - ENTRADA PRINCIPAL--NOMBRE DE PERSONA
Nombre de persona Martínez Pérez, Ricardo
245 ## - MENCIÓN DEL TÍTULO
Título La revolución de los Dealba
Resto del título :.una hazaña del valor y la resistencia de los centroamericanos y los caribeños
Mención de responsabilidad, etc.
-- .Ricardo Martínez Pérez.
260 ## - PUBLICACIÓN, DISTRIBUCIÓN, ETC.
Lugar de publicación, distribución, etc. Santo Domingo, República Dominicana :
Nombre del editor, distribuidor, etc. EDITORA TALLER
300 ## - DESCRIPCIÓN FÍSICA
Extensión 280 p. ; 23 cm.
650 ## - PUNTO DE ACCESO ADICIONAL DE MATERIA--TÉRMINO DE MATERIA
Término de materia o nombre geográfico como elemento de entrada 1.Novelas Dominicanas
650 ## - PUNTO DE ACCESO ADICIONAL DE MATERIA--TÉRMINO DE MATERIA
Término de materia o nombre geográfico como elemento de entrada 2.Literatura Dominicana
700 ## - ENTRADA AGREGADA--NOMBRE PERSONAL
Nombre de persona I.Tít.
Existencias
Estatus retirado Estado de pérdida Estado de daño No para préstamo Colección Biblioteca de origen Biblioteca actual Fecha de adquisición Total de préstamos Signatura topográfica completa Código de barras Visto por última vez Copia número Precio de reemplazo Tipo de ítem Koha
        Acervo general de Libros Biblioteca Central Mons. Favio M. Rivas S. Biblioteca Central Mons. Favio M. Rivas S. 11/01/2017   RD 863.44 000000005031 23/05/2025 1 23/05/2025 Libros